Gaming Quiz

Random Gaming or Pokémon Quiz

Pokémon Games Quiz Stats

 Plays Quiz Updated Dec 28, 2018

Score 0/67 Timer 06:00
16 Plays Today
Platform Game % Correct
GameboyPokémon Red
97.6%
GameboyPokémon Blue
97.4%
GameboyPokémon Yellow
93.4%
Gameboy ColorPokémon Gold
90.2%
Gameboy ColorPokémon Silver
89.8%
GBAPokémon Ruby
83%
3DSPokémon Y
80.7%
3DSPokémon Sun
80.4%
3DSPokémon Moon
80.3%
3DSPokémon X
78.5%
DSPokémon Diamond
76.9%
GBAPokémon Sapphire
76.1%
SwitchPokémon: Let's Go, Pikachu!
74.4%
3DSPokémon UltraSun
73.9%
SwitchPokémon: Let's Go, Eevee!
73.8%
3DSPokémon UltraMoon
73.6%
DSPokémon Pearl
73%
GBAPokémon Emerald
72.7%
DSPokémon Black Version 2
71.6%
DSPokémon White Version 2
71.3%
GBAPokémon FireRed
66.6%
3DSPokémon Omega Ruby
66.1%
Gameboy ColorPokémon Crystal
65.9%
GBAPokémon LeafGreen
65.9%
N64Pokémon Stadium
65.6%
DSPokémon Platinum
64.1%
3DSPokémon Alpha Sapphire
61.7%
N64Pokémon Snap
61.4%
DSPokémon Black
53.5%
DSPokémon White
53.1%
N64Pokémon Stadium 2
52.2%
DSPokémon SoulSilver
48.8%
DSPokémon HeartGold
48.8%
GBAPokémon Mystery Dungeon: Red Rescue Team
44.2%
Platform Game % Correct
DSPokémon Mystery Dungeon: Blue Rescue Team
44.1%
Gameboy ColorPokémon Pinball
43.9%
DSPokémon Ranger
38.8%
GameCubePokémon XD: Gale of Darkness
35.7%
WiiUPokkén Tournament
35%
GameCubePokémon Colosseum
34.5%
N64Hey You, Pikachu!
27.2%
Gameboy ColorPokémon Trading Card Game
24.3%
WiiPokémon Battle Revolution
22.9%
WiiPokéPark 2: Wonders Beyond
20.9%
3DSPokémon Super Mystery Dungeon
20.9%
DSPokémon Trozei!
19.8%
WiiPokémon Rumble
19.7%
DSPokémon Mystery Dungeon: Explorers of Time
19.3%
3DSPokémon Shuffle
19%
WiiPokéPark Wii: Pikachu's Adventure
18.2%
DSPokémon Mystery Dungeon: Explorers of Darkness
17.2%
DSPokémon Dash
17%
DSPokémon Conquest
16.7%
WiiMy Pokémon Ranch
16.1%
DSPokémon Mystery Dungeon: Explorers of Sky
16%
GBAPokémon Pinball: Ruby & Sapphire
15.6%
3DSPokémon Picross
15.2%
WiiUPokémon Rumble U
14.9%
N64Pokémon Puzzle League
14.8%
3DSPokémon Rumble World
14.5%
3DSPokémon Rumble Blast
14.1%
GameCubePokémon Channel
13.7%
DSPokémon Ranger: Shadows of Almia
13.4%
3DSPokemon Mystery Dungeon: Gates to Infinity
13.2%
Gameboy ColorPokémon Puzzle Challenge
8.5%
GameCubePokémon Box: Ruby & Sapphire
8.3%
DSPokémon Ranger: Guardian Signs
7.3%

You're not logged in!

Compare scores with friends on all Sporcle quizzes.
OR
Log In

Sporcle TV

Today on Sporcle TV


Watch our educational content, quiz creation guides, and fun videos on Sporcle TV.

Show Comments

Extras

Top Quizzes Today


Score Distribution

Your Account Isn't Verified!

In order to create a playlist on Sporcle, you need to verify the email address you used during registration. Go to your Sporcle Settings to finish the process.

Report this User

Report this user for behavior that violates our Community Guidelines.

Details: